书目信息 |
| 题名: |
上帝的一生:上帝自述
|
|
| 作者: | 费鲁奇 著 | |
| 分册: | ||
| 出版信息: | 北京 生活·读书·新知三联书店 2000.03 |
|
| 页数: | 363页 | |
| 开本: | 32开 | |
| 丛书名: | ||
| 单 册: | ||
| 中图分类: | I546.45 | |
| 科图分类: | ||
| 主题词: | 文学 | |
| 电子资源: | ||
| ISBN: | 7-108-01357-6 | |
| 000 | 00586nam0 2200193 45 | |
| 001 | 0011111557 | |
| 005 | 20001111155429.8 | |
| 010 | @a7-108-01357-6@d18.00元 | |
| 100 | @a20001111d2000 km y0chiy0120 ea | |
| 101 | 0 | @achi |
| 105 | @a z 000yy | |
| 200 | 1 | @a上帝的一生:上帝自述@AShang Di De Yi Sheng:Shang Di Zi Shu@f(意)费鲁奇著;李尧译@F(Yi)Fei Lu Qi Zhu;Li Yao Yi |
| 210 | @a北京@c生活·读书·新知三联书店@d2000.03 | |
| 215 | @a363页@d32开 | |
| 606 | 0 | @a文学 |
| 690 | @aI546.45@v3 | |
| 701 | 0 | @a费鲁奇@4著 |
| 801 | @aCN@bPftUser@c20001111 | |
| 905 | @b401644-645@dI546.45@eF683@f2 | |
| 上帝的一生:上帝自述/(意)费鲁奇著;李尧译.-北京:生活·读书·新知三联书店,2000.03 |
| 363页;32开 |
| ISBN 7-108-01357-6:18.00元 |
| ● |
| 相关链接 |
|
|
|
正题名:上帝的一生:上帝自述
索取号:I546.45/F683
 
预约/预借
| 序号 | 登录号 | 条形码 | 馆藏地/架位号 | 状态 | 备注 |
| 1 | 401644 | 204016448 | 文学库116/400B社科库 26排2列3层/ [索取号:I546.45/F683] | 在馆 | |
| 2 | 401645 | 204016457 | 文学库116/400B社科库 26排2列1层/ [索取号:I546.45/F683] | 在馆 |